000 00699nam a2200217Ii 4500
003 JO-AjNU
008 230605s9999||||xx |||||||||||||| ||und||
017 _a1998/2867
020 _a977-19-5387-7
040 _aJO-AjNU
_bara
_erda
_cJO-AjNU
041 _aara
050 1 4 _aPJ7838.H32.A9 1998
100 3 _aتاليف حسني، إيهاب فاروق,
_eauthor
_952699
245 0 0 _aالعودة والتماثل: رواية
264 3 1 _aالجيزة: دار الامين، 1998
300 _a110ص
336 _atext
_btxt
_2rdacontent
337 _aunmediated
_bn
_2rdamedia
338 _avolume
_bnc
_2rdacarrier
650 4 _aالادب العربي - روايات - القرن20
_952700
999 _aA23360
_c26928
_d26928